00664nam a2200229Ia 4500003000900000008004100009040001300050040001300063041000800076100001600084245002900100250001300129260001200142260000900154300001100163300001000174490003600184490000700220942000700227999001700234952018300251IT-RoPAU120407s9999 xx 000 0 und d aIT-RoPAU cIT-RoPAU aita aPaolo Sardi aL’aborto ieri e oggi.  aBrescia  aPaideia c1975 a390 p. c21 cm aBiblioteca di cultura religiosa v26 cBK c33922d33922 00102ddc406208_12260000000000071aPAULUSbPAULUSd2012-04-11l0o208.1226r2012-04-11 00:00:00w2012-04-11yBKzInserito da: In data: n.d. fondo: Via A.Severo 56 Progr:16325